Countries A to Z - multi-quiz - Statistics

General Stats
  • This quiz has been taken 1,282 times
  • The average score is 15 of 24
Answer Stats
clue country % Correct
Q highest lipstick usage Qatar
86%
D two color flag Denmark
83%
F most populous France
83%
J furthest east Japan
83%
O largest breakfast size Oman
83%
Y most acrobats Yemen
83%
Z furthest north Zambia
78%
K top oil producer Kuwait
74%
H greatest life expectancy Hungary
70%
N furthest south New Zealand
69%
V newest Vanuatu
64%
I furthest west Iceland
63%
R smallest capital Rwanda
63%
C first alphabetically Cambodia
58%
E longest Ramadan banquet Egypt
56%
U top potato producer Ukraine
52%
A shortest name Angola
47%
B least populous Barbados
44%
G longest name Guinea-Bissau
44%
P last alphabetically Portugal
42%
T largest Tanzania
41%
M top orange producer Mexico
40%
S most land borders Serbia
28%
L largest capital Lebanon
27%
No matching quizzes found
Score Distribution
Percent of People with Each Score
Percentile by Number Answered
Your Score History
You have not taken this quiz